01022nam a2200265 a 450000100060000000300080000600500170001400800410003103500190007204000450009104100080013608200250014411000990016924500970026826000690036530000260043441000490046050400410050950500450055065000200059565000180061570000550063370000200068883000480070870122BD-RjUL20211209081951.0170416r19631957nyua b 101 0 eng d a(BD-RjUL)70334 aDLCcOKentUdOClW-HdOCoLCdBD-RjULbeng aeng 223a577.7bNAT 1963.2 aNational Research Council (U.S.).bCommittee on a Treatise on Marine Ecology and Paleoecology.10aTreatise on marine ecology and paleoecology /cedited by Joel W. Hedgpeth and Harry S. Ladd  aNew York :bGeological Society of America,c1957 [reprint 1963]. a v. :bill. ;c26 cm.20aGeological Society of America.tMemoir,v67. aIncludes bibliographies and indexes.0 aVol. 1. Ecology -- v. 2 Paleoecology -- 0aMarine ecology. 0aPaleoecology.1 aHedgpeth, Joel W.q(Joel Walker),d1911-2006,eed.1 aLadd, Harry S.  aGeological Society of America.vMemoir, 67.